English novelists /

Bibliographic Details
Main Author: Bowen, Elizabeth, 1899-1973
Format: Book
Language:English
Published: London : W. Collins, 1942.
Series:Britain in pictures.
British people in pictures (London, England)
Subjects:

MARC

Tag First Indicator Second Indicator Subfields
LEADER 00000cam a2200000 4500
001 in00000035829
005 20151007063520.0
008 800703r19421942miuacfh 00010 eng d
035 |a (OCoLC)06481610 
035 |9 AAD7580AM 
040 |a TXA  |c TXA  |d UtOrBLW 
049 |a TXAM  |c [400179] 
090 |a PR6003.O6757  |b E54 1942 
092 |a 823.09  |b B786e, 1942r 
100 1 |a Bowen, Elizabeth,  |d 1899-1973. 
245 1 0 |a English novelists /  |c [by] Elizabeth Bowen. With 8 plates in colour and 19 illustrations in black & white. 
264 1 |a London :  |b W. Collins,  |c 1942. 
300 |a 47 pages, 1 unnumbered page :  |b illustrations (including facsimiles) color plates, color portraits ;  |c 23 cm. 
336 |a text  |b txt  |2 rdacontent 
337 |a unmediated  |b n  |2 rdamedia 
338 |a volume  |b nc  |2 rdacarrier 
490 1 |a Britain in pictures 
490 1 |a The British people in pictures 
500 |a Reprinted by University Microfilms. 
650 0 |a English fiction  |x History and criticism. 
830 0 |a Britain in pictures. 
830 0 |a British people in pictures (London, England) 
999 |a MARS 
999 f f |s 7c5923e2-7f9b-3999-99f5-7d2270cf1f31  |i edf995ad-4bb6-3233-99a3-693646de840f  |t 0 
952 f f |p ric  |a Texas A&M University  |b Rellis Campus  |c Joint Library Facility  |d Remote Storage  |t 0  |e PR6003.O6757 E54 1942  |h Library of Congress classification  |i unmediated -- volume  |m A14801334938 
998 f f |a PR6003.O6757 E54 1942  |t 0  |l Remote Storage